[Event "Monarch Assurance Isle of Man 13th"]
[Site "Port Erin IOM"]
[Date "2004.09.25"]
[Round "1.37"]
[White "Truman, Richard G"]
[Black "Almond, Richard J"]
[Result "1-0"]
[WhiteElo "2023"]
[BlackElo "2158"]
[PlyCount "75"]
[EventDate "2004.09.25"]
[EventType "swiss"]
[EventRounds "9"]
[EventCountry "IOM"]
[SourceTitle "BritBase"]
[SourceDate "2008.07.14"]
[SourceVersion "1"]
[SourceVersionDate "2008.07.14"]
[SourceQuality "2"]

1. d4 d5 2. c4 e6 3. Nc3 Nf6 4. Bg5 Nbd7 5. Nf3 c6 6. e3 Qa5 7. Nd2 Bb4 8. Qc2
Ne4 9. Ndxe4 dxe4 10. Bh4 O-O 11. Be2 e5 12. O-O exd4 13. exd4 Bxc3 14. bxc3
Re8 15. f3 exf3 16. Rxf3 Nf8 17. Bd3 Bg4 18. Rf2 Qh5 19. Bg3 Rad8 20. Raf1 Re7
21. c5 b5 22. Bd6 Red7 23. a4 a6 24. axb5 axb5 25. Be4 Rc8 26. Bxf8 Kxf8 27.
Bxh7 Be6 28. Bg6 Qg5 29. Re1 Ra8 30. Be4 Ra3 31. Qe2 Rda7 32. Qf3 Ra1 33. Rfe2
Rxe1+ 34. Rxe1 Bd5 35. Bxd5 Qxd5 36. Qh3 f6 37. Qh8+ Kf7 38. Qe8# 1-0

[Event "Monarch Assurance Isle of Man 13th"]
[Site "Port Erin IOM"]
[Date "2004.09.25"]
[Round "1.38"]
[White "Goodger, Martyn"]
[Black "Webster, Richard J"]
[Result "1/2-1/2"]
[WhiteElo "2136"]
[BlackElo "2008"]
[PlyCount "51"]
[EventDate "2004.09.25"]
[EventType "swiss"]
[EventRounds "9"]
[EventCountry "IOM"]
[SourceTitle "BritBase"]
[SourceDate "2008.07.14"]
[SourceVersion "1"]
[SourceVersionDate "2008.07.14"]
[SourceQuality "2"]

1. e4 e6 2. d4 d5 3. e5 c5 4. c3 Nc6 5. Nf3 Bd7 6. Be2 Nge7 7. Na3 a6 8. Nc2
Rc8 9. O-O Ng6 10. a3 Be7 11. Re1 O-O 12. h4 cxd4 13. cxd4 f6 14. Bd3 Qe8 15.
exf6 Bxf6 16. Bg5 Qf7 17. Qe2 e5 18. h5 Nh8 19. dxe5 Bxe5 20. Nh4 Bb8 21. Be3
Ne5 22. Nd4 Bg4 23. Qd2 Qxh5 24. Be2 Bxe2 25. Nxe2 Nf3+ 26. Nxf3 1/2-1/2

[Event "Monarch Assurance Isle of Man 13th"]
[Site "Port Erin IOM"]
[Date "2004.09.25"]
[Round "1.39"]
[White "Spanton, Tim"]
[Black "Lutton, J.Ezra"]
[Result "0-1"]
[WhiteElo "2004"]
[BlackElo "2134"]
[PlyCount "22"]
[EventDate "2004.09.25"]
[EventType "swiss"]
[EventRounds "9"]
[EventCountry "IOM"]
[SourceTitle "BritBase"]
[SourceDate "2008.07.14"]
[SourceVersion "1"]
[SourceVersionDate "2008.07.14"]
[SourceQuality "2"]

1. c4 e5 2. g3 Nc6 3. Bg2 f5 4. Nc3 Nf6 5. d3 Bb4 6. Bd2 O-O 7. a3 Bxc3 8. Bxc3
d6 9. e3 f4 10. Nh3 Qe8 11. O-O f3 0-1

[Event "Monarch Assurance Isle of Man 13th"]
[Site "Port Erin IOM"]
[Date "2004.09.25"]
[Round "1.41"]
[White "Marks, Ian A"]
[Black "Fox, Anthony"]
[Result "0-1"]
[WhiteElo "1884"]
[BlackElo "2123"]
[PlyCount "82"]
[EventDate "2004.09.25"]
[EventType "swiss"]
[EventRounds "9"]
[EventCountry "IOM"]
[SourceTitle "BritBase"]
[SourceDate "2008.07.14"]
[SourceVersion "1"]
[SourceVersionDate "2008.07.14"]
[SourceQuality "2"]

1. e4 e5 2. Nf3 Nc6 3. d4 exd4 4. Nxd4 Nf6 5. Nxc6 bxc6 6. e5 Qe7 7. Qe2 Nd5 8.
c4 Nb6 9. Nc3 d6 10. Bf4 Be6 11. exd6 cxd6 12. b3 g5 13. Be3 Bg7 14. Rc1 d5 15.
cxd5 Nxd5 16. Nxd5 Bxd5 17. Qg4 h5 18. Qxg5 Qxg5 19. Bxg5 Kd7 20. f3 Rhe8+ 21.
Kd1 a5 22. Bc4 a4 23. Bxd5 cxd5 24. b4 Rab8 25. Rb1 Bc3 26. Bd2 Bd4 27. g4 hxg4
28. fxg4 Re4 29. g5 Rh8 30. b5 Be5 31. h3 Rd4 32. Ke2 Rhh4 33. Be3 Rde4 34. Kf3
d4 35. Rb4 Rxe3+ 36. Kf2 Rf4+ 37. Kg2 Re2+ 38. Kg1 Rff2 39. Rxa4 Rg2+ 40. Kf1
Rgf2+ 41. Kg1 d3 0-1

[Event "Monarch Assurance Isle of Man 13th"]
[Site "Port Erin IOM"]
[Date "2004.09.25"]
[Round "1.42"]
[White "Pimmingstorfer, Christian"]
[Black "Pemberton, Clive"]
[Result "1-0"]
[WhiteElo "2116"]
[BlackElo "1883"]
[PlyCount "67"]
[EventDate "2004.09.25"]
[EventType "swiss"]
[EventRounds "9"]
[EventCountry "IOM"]
[SourceTitle "BritBase"]
[SourceDate "2008.07.14"]
[SourceVersion "1"]
[SourceVersionDate "2008.07.14"]
[SourceQuality "2"]

1. f4 d5 2. Nf3 Nf6 3. e3 c5 4. b3 Nc6 5. Bb5 Bd7 6. Bb2 e6 7. O-O Be7 8. Bxc6
Bxc6 9. Ne5 Qb6 10. d3 O-O 11. Nd2 Rac8 12. Rf3 d4 13. Rh3 Qd8 14. e4 b5 15. a4
a6 16. axb5 axb5 17. Ndf3 Qc7 18. Qe2 Ra8 19. Rf1 Bb7 20. Bc1 Ra2 21. g4 Nd7
22. Nxd7 Qxd7 23. Ne5 Qe8 24. f5 f6 25. Nf3 Bd6 26. Qf2 e5 27. Qh4 h5 28. g5
Kf7 29. Qxh5+ Ke7 30. Qh7 Qf7 31. Rg3 Kd8 32. gxf6 Rg8 33. Rxg7 Rxg7+ 34. fxg7
1-0

[Event "Monarch Assurance Isle of Man 13th"]
[Site "Port Erin IOM"]
[Date "2004.09.25"]
[Round "1.43"]
[White "Gorka, Carl"]
[Black "Plant, Paul R"]
[Result "0-1"]
[WhiteElo "1882"]
[BlackElo "2107"]
[PlyCount "78"]
[EventDate "2004.09.25"]
[EventType "swiss"]
[EventRounds "9"]
[EventCountry "IOM"]
[SourceTitle "BritBase"]
[SourceDate "2008.07.14"]
[SourceVersion "1"]
[SourceVersionDate "2008.07.14"]
[SourceQuality "2"]

1. e4 e6 2. d4 d5 3. Nc3 Nf6 4. e5 Nfd7 5. f4 c5 6. Nf3 Nc6 7. Be3 Be7 8. Qd2
a6 9. O-O-O Qa5 10. dxc5 Nxc5 11. Nd4 Bd7 12. Kb1 Nxd4 13. Bxd4 Na4 14. Ne4
Qxd2 15. Nxd2 Rc8 16. c4 Bb4 17. cxd5 exd5 18. Bd3 Nc5 19. Bc2 Ne6 20. Nb3 Nxf4
21. a3 Rxc2 22. axb4 Rxg2 23. Nc5 Bc6 24. Rc1 O-O 25. Rcf1 Ne2 26. Rf2 Rxf2 27.
Bxf2 Re8 28. e6 fxe6 29. Re1 Nf4 30. Bg3 Nh5 31. Bd6 Kf7 32. Nd3 Nf6 33. Bc5
Bb5 34. Ne5+ Kg8 35. Bd4 Rc8 36. b3 Ne4 37. Kb2 Nd6 38. Bc5 Nf5 39. Nf3 Re8 {
time} 0-1

[Event "Monarch Assurance Isle of Man 13th"]
[Site "Port Erin IOM"]
[Date "2004.09.25"]
[Round "1.44"]
[White "Hagesaether, Arne"]
[Black "Guiney, James"]
[Result "1/2-1/2"]
[WhiteElo "2101"]
[BlackElo "1881"]
[PlyCount "94"]
[EventDate "2004.09.25"]
[EventType "swiss"]
[EventRounds "9"]
[EventCountry "IOM"]
[SourceTitle "BritBase"]
[SourceDate "2008.07.14"]
[SourceVersion "1"]
[SourceVersionDate "2008.07.14"]
[SourceQuality "2"]

1. e4 c5 2. Nf3 Nc6 3. d4 cxd4 4. Nxd4 g6 5. Be3 Bg7 6. c4 Nf6 7. Nc3 Ng4 8.
Qxg4 Nxd4 9. Qd1 Ne6 10. Rc1 O-O 11. Be2 d6 12. O-O Bd7 13. Qd2 a5 14. Rfd1 Bc6
15. Nd5 Nc5 16. f3 f5 17. exf5 gxf5 18. Nf4 Qc8 19. Nh5 Be5 20. Bh6 Rf7 21. b3
Qe6 22. Bf4 Qg6 23. Ng3 Bxf4 24. Qxf4 e5 25. Qh4 f4 26. Nf1 Rf5 27. Rc3 e4 28.
fxe4 Nxe4 29. Rcd3 Nc3 30. Qf2 Nxd1 31. Bxd1 Rg5 32. Rd2 Rf8 33. Bf3 Bxf3 34.
Qxf3 Rf7 35. h3 Qe6 36. Rd4 Qe5 37. Re4 Qf6 38. Kh2 Re5 39. Rd4 Qe6 40. Rxf4
Rxf4 41. Qxf4 Qf5 42. Qg3+ Qg5 43. Qf3 Rf5 44. Qe2 Qf4+ 45. Kg1 Re5 46. Qd1 Rf5
47. Qe2 Re5 1/2-1/2

[Event "Monarch Assurance Isle of Man 13th"]
[Site "Port Erin IOM"]
[Date "2004.09.25"]
[Round "1.45"]
[White "Nicholson, John"]
[Black "Noordhoek, Henk"]
[Result "0-1"]
[WhiteElo "2021"]
[BlackElo "2095"]
[PlyCount "42"]
[EventDate "2004.09.25"]
[EventType "swiss"]
[EventRounds "9"]
[EventCountry "IOM"]
[SourceTitle "BritBase"]
[SourceDate "2008.07.14"]
[SourceVersion "1"]
[SourceVersionDate "2008.07.14"]
[SourceQuality "2"]

1. e4 Nf6 2. Nc3 d5 3. e5 d4 4. Nce2 Ne4 5. Nf3 Bg4 6. c3 Bxf3 7. gxf3 Ng5 8.
Nxd4 Qd5 9. d3 Qxe5+ 10. Be2 Ne6 11. Nxe6 Qxe6 12. Bf4 Qb6 13. Qd2 Nd7 14. d4 {
(=)} O-O-O 15. O-O-O e6 16. Rhg1 Rg8 17. Rg5 a6 18. d5 Be7 19. Rg3 Nf6 20. Be3
Bc5 21. Bg5 Rxd5 0-1

[Event "Monarch Assurance Isle of Man 13th"]
[Site "Port Erin IOM"]
[Date "2004.09.25"]
[Round "1.46"]
[White "Afek, Yochanan"]
[Black "Van Kemenade, Rudy"]
[Result "1-0"]
[WhiteElo "2325"]
[BlackElo "2107"]
[PlyCount "91"]
[EventDate "2004.09.25"]
[EventType "swiss"]
[EventRounds "9"]
[EventCountry "IOM"]
[SourceTitle "BritBase"]
[SourceDate "2008.07.14"]
[SourceVersion "1"]
[SourceVersionDate "2008.07.14"]
[SourceQuality "2"]

1. e4 e5 2. Nf3 Nf6 3. Nc3 Bb4 4. Bc4 O-O 5. O-O Bxc3 6. dxc3 d6 7. Re1 Nbd7 8.
b4 Kh8 9. h3 Nh5 10. Ng5 g6 11. Nxf7+ Rxf7 12. Bxf7 Qf6 13. Bc4 Nb6 14. Be2 Nf4
15. Bxf4 Qxf4 16. Bg4 Kg7 17. Qf3 Bxg4 18. Qxg4 Qd2 19. Re3 Rf8 20. Qe2 Nc4 21.
Qxd2 Nxd2 22. a4 Rf4 23. f3 Nc4 24. Rd3 Nb2 25. Rd5 Nc4 26. a5 c6 27. Rd3 a6
28. g3 Rf6 29. f4 exf4 30. gxf4 Rxf4 31. Rd4 Ne5 32. Rf1 Nf3+ 33. Kh1 Rf6 34.
Rd3 Ng5 35. Rxf6 Kxf6 36. Rxd6+ Ke7 37. Rd3 Ke6 38. Rd8 Nxe4 39. Rb8 Nd6 40. c4
Kd7 41. c5 Kc7 42. Rh8 Nb5 43. Rxh7+ Kb8 44. Rg7 Na3 45. Rxg6 Nxc2 46. h4 1-0

[Event "Monarch Assurance Isle of Man 13th"]
[Site "Port Erin IOM"]
[Date "2004.09.25"]
[Round "1.47"]
[White "Dossett, Christopher"]
[Black "Murtagh, Dermot"]
[Result "1/2-1/2"]
[WhiteElo "1886"]
[BlackElo "1889"]
[PlyCount "29"]
[EventDate "2004.09.25"]
[EventType "swiss"]
[EventRounds "9"]
[EventCountry "IOM"]
[SourceTitle "BritBase"]
[SourceDate "2008.07.14"]
[SourceVersion "1"]
[SourceVersionDate "2008.07.14"]
[SourceQuality "2"]

1. Nf3 Nf6 2. g3 d5 3. Bg2 Bf5 4. d3 e6 5. O-O h6 6. c4 c6 7. cxd5 exd5 8. Qb3
Qb6 9. Qxb6 axb6 10. Nd4 Bh7 11. Nc3 Bd6 12. Bd2 O-O 13. Rfe1 Re8 14. a3 Nbd7
15. Nb3 1/2-1/2

[Event "Monarch Assurance Isle of Man 13th"]
[Site "Port Erin IOM"]
[Date "2004.09.25"]
[Round "1.48"]
[White "Jonkman, Harmen"]
[Black "Waugh, Jonathan C"]
[Result "1-0"]
[WhiteElo "2425"]
[BlackElo "1885"]
[PlyCount "53"]
[EventDate "2004.09.25"]
[EventType "swiss"]
[EventRounds "9"]
[EventCountry "IOM"]
[SourceTitle "BritBase"]
[SourceDate "2008.07.14"]
[SourceVersion "1"]
[SourceVersionDate "2008.07.14"]
[SourceQuality "2"]

1. e4 c5 2. c3 e6 3. d4 d5 4. e5 Nd7 5. Nf3 Qc7 6. Bd3 Ne7 7. O-O Nc6 8. a3 Be7
9. b4 c4 10. Bc2 a6 11. Bg5 Qd8 12. h4 h6 13. Bxe7 Qxe7 14. Nbd2 b6 15. h5 Bb7
16. Nh2 O-O-O 17. f4 Qh4 18. Qe1 Qxe1 {(=)} 19. Raxe1 Ne7 20. f5 Rdf8 21. g4
Kc7 22. Ndf3 Bc8 23. Nh4 Nb8 24. Rf2 Nbc6 25. f6 gxf6 26. exf6 Ng8 27. Ng6 1-0

[Event "Monarch Assurance Isle of Man 13th"]
[Site "Port Erin IOM"]
[Date "2004.09.26"]
[Round "2.2"]
[White "Wells, Peter"]
[Black "Volkov, Sergey1"]
[Result "1-0"]
[WhiteElo "2494"]
[BlackElo "2625"]
[PlyCount "109"]
[EventDate "2004.09.25"]
[EventType "swiss"]
[EventRounds "9"]
[EventCountry "IOM"]
[SourceTitle "BritBase"]
[SourceDate "2008.07.14"]
[SourceVersion "1"]
[SourceVersionDate "2008.07.14"]
[SourceQuality "2"]

1. e4 e6 2. d4 d5 3. Nd2 c5 4. Ngf3 cxd4 5. Nxd4 Nf6 6. exd5 Qxd5 7. Nb5 Na6 8.
c4 Qe5+ 9. Be2 Bd7 10. O-O Bxb5 11. cxb5 Nc5 12. Bf3 Rd8 13. Nc4 Qc7 14. Qe2
Nd3 15. b3 Bc5 16. Bg5 O-O 17. Rad1 Nxf2 18. Rxf2 Rxd1+ 19. Qxd1 Bxf2+ 20. Kxf2
Qc5+ 21. Be3 Qxb5 22. a4 Qa6 23. Qd6 b6 24. Ne5 h6 25. Nc6 Re8 26. Qc7 Qd3 27.
Ne5 Qf5 28. g4 Nxg4+ 29. Nxg4 e5 30. Qc6 Rd8 31. Kg2 Qd3 32. Bf2 Qxb3 33. Nxe5
Qa2 34. Bh5 g6 35. Bxg6 fxg6 36. Qxg6+ Kf8 37. Qxh6+ Kg8 38. Qg6+ Kf8 39. Qh6+
Ke8 40. Qh8+ Ke7 41. Nc6+ Kd7 42. Qxd8+ Kxc6 43. Qe8+ Kd6 44. Qe4 Qg8+ 45. Bg3+
Kc5 46. h4 b5 47. Qe5+ Kb4 48. Qxb5+ Ka3 49. Qc6 a5 50. h5 Qa2+ 51. Kh3 Qe2 52.
Bd6+ Ka2 53. Qd5+ Ka1 54. Be5+ Kb1 55. Qb3+ 1-0

[Event "Monarch Assurance Isle of Man 13th"]
[Site "Port Erin IOM"]
[Date "2004.09.26"]
[Round "2.3"]
[White "Holzke, Frank"]
[Black "Zhang Zhong"]
[Result "1/2-1/2"]
[WhiteElo "2492"]
[BlackElo "2603"]
[PlyCount "118"]
[EventDate "2004.09.25"]
[EventType "swiss"]
[EventRounds "9"]
[EventCountry "IOM"]
[SourceTitle "BritBase"]
[SourceDate "2008.07.14"]
[SourceVersion "1"]
[SourceVersionDate "2008.07.14"]
[SourceQuality "2"]

1. e4 c5 2. Nf3 d6 3. d4 cxd4 4. Nxd4 Nf6 5. Nc3 a6 6. Bg5 e6 7. f4 Qb6 8. Nb3
Nbd7 9. Be2 Be7 10. Qd2 Qc7 11. Bf3 h6 12. Bxf6 Nxf6 13. O-O-O Bd7 14. Kb1
O-O-O 15. Rhe1 Kb8 16. g3 g5 17. e5 dxe5 18. fxe5 Bc8 19. Qe3 Nd7 20. Na4 Bb4
21. c3 Be7 22. Nd4 Nf8 23. b4 Bd7 24. Nc5 Bxc5 25. bxc5 Ba4 26. Ka1 Nd7 27. Rb1
Nxc5 28. Rb4 Rd7 29. Reb1 Rc8 30. Rxa4 Nxa4 31. Nc6+ Qxc6 32. Bxc6 Rxc6 33. Qe4
Nb6 34. h4 Kc7 35. Qb4 gxh4 36. gxh4 h5 37. Rf1 Nc4 38. Qf8 Nxe5 39. Qh8 Rd5
40. Qxh5 Rxc3 41. Qe2 Rdc5 42. h5 Rc1+ 43. Rxc1 Rxc1+ 44. Kb2 Rc5 45. h6 Ng6
46. h7 Rf5 47. Qh2+ Kb6 48. Qg1+ Kc7 49. Qh2+ Kb6 50. Qg1+ Kc7 51. Qxg6 fxg6
52. h8=Q Rc5 53. Qg7+ Kb6 54. Qd4 a5 55. Kb3 e5 56. Qd6+ Rc6 57. Qxe5 Ka7 58.
Qxa5+ Kb8 59. Qe5+ Ka7 1/2-1/2

[Event "Monarch Assurance Isle of Man 13th"]
[Site "Port Erin IOM"]
[Date "2004.09.26"]
[Round "2.8"]
[White "Jonkman, Harmen"]
[Black "Kiriakov, Petr"]
[Result "1/2-1/2"]
[WhiteElo "2425"]
[BlackElo "2555"]
[PlyCount "94"]
[EventDate "2004.09.25"]
[EventType "swiss"]
[EventRounds "9"]
[EventCountry "IOM"]
[SourceTitle "BritBase"]
[SourceDate "2008.07.14"]
[SourceVersion "1"]
[SourceVersionDate "2008.07.14"]
[SourceQuality "2"]

1. e4 e6 2. d4 d5 3. e5 c5 4. c3 Ne7 5. Nf3 Nec6 6. Be3 b6 7. Nbd2 Be7 8. Rc1
O-O 9. h4 f5 10. Bg5 a5 11. Be2 Ba6 12. O-O Ra7 13. Re1 Qd7 14. Nf1 Rc8 15.
Bxe7 Nxe7 16. Ng3 Rac7 17. Qd2 Bxe2 18. Nxe2 Nbc6 19. Nf4 cxd4 20. cxd4 Nd8 21.
Nh5 Ng6 22. g3 h6 23. Kg2 Qf7 24. Rxc7 Qxc7 25. Re3 Qb7 26. Rc3 Rc4 27. b3 Rc6
28. Qc1 Qc8 29. Rxc6 Qxc6 30. Qd2 Qe8 31. Nf4 Nxf4+ 32. Qxf4 Qc6 33. Qd2 Nf7
34. Ng1 Kh7 35. Ne2 g5 36. hxg5 hxg5 37. a4 Kg6 38. Qc3 Nd8 39. Kf3 Qb7 40. Ke3
Nc6 41. Qd3 Nb4 42. Qb5 Kf7 43. Kd2 Qc7 44. Nc3 g4 45. Qf1 Qe7 46. Qb5 Qc7 47.
Qf1 Qe7 1/2-1/2

[Event "Monarch Assurance Isle of Man 13th"]
[Site "Port Erin IOM"]
[Date "2004.09.26"]
[Round "2.10"]
[White "Bosboom-Lanchava, T."]
[Black "Ghaem Maghami, Ehsan"]
[Result "0-1"]
[WhiteElo "2370"]
[BlackElo "2552"]
[PlyCount "64"]
[EventDate "2004.09.25"]
[EventType "swiss"]
[EventRounds "9"]
[EventCountry "IOM"]
[SourceTitle "BritBase"]
[SourceDate "2008.07.14"]
[SourceVersion "1"]
[SourceVersionDate "2008.07.14"]
[SourceQuality "2"]

1. d4 Nf6 2. Nf3 c5 3. e3 g6 4. g3 Bg7 5. Bg2 O-O 6. O-O d5 7. dxc5 Na6 8. c4
dxc4 9. c6 Nb4 10. Nd4 Nxc6 11. Nxc6 bxc6 12. Qa4 Be6 13. Bxc6 Rc8 14. Nc3 Bh3
15. Rd1 Qb6 16. Bf3 e6 17. Qb5 Bg4 18. Bxg4 Nxg4 19. Qxb6 axb6 20. f4 Rfd8 21.
Re1 Rd3 22. Rb1 f5 23. h3 Nf6 24. Kf1 Rcd8 25. Na4 Nd5 26. Re2 Ra8 27. b3 c3
28. Kf2 Bf8 29. Rc2 b5 30. Ke2 bxa4 31. b4 Rd8 32. a3 Nb6 0-1

[Event "Monarch Assurance Isle of Man 13th"]
[Site "Port Erin IOM"]
[Date "2004.09.26"]
[Round "2.12"]
[White "Iordachescu, Viorel"]
[Black "Spence, David J"]
[Result "1-0"]
[WhiteElo "2633"]
[BlackElo "2236"]
[PlyCount "97"]
[EventDate "2004.09.25"]
[EventType "swiss"]
[EventRounds "9"]
[EventCountry "IOM"]
[SourceTitle "BritBase"]
[SourceDate "2008.07.14"]
[SourceVersion "1"]
[SourceVersionDate "2008.07.14"]
[SourceQuality "2"]

1. e4 d5 2. exd5 Qxd5 3. Nc3 Qa5 4. d4 Nf6 5. Nf3 Bg4 6. h3 Bxf3 7. Qxf3 c6 8.
Bd2 Nbd7 9. O-O-O e6 10. Kb1 Qc7 11. g4 Be7 12. g5 Nd5 13. Ne4 b5 14. h4 N7b6
15. h5 Rf8 16. g6 hxg6 17. hxg6 f6 18. Rh7 Rg8 19. Qh3 Qd7 20. Ng3 O-O-O 21.
Nh5 Bf8 22. Re1 Re8 23. b3 b4 24. Qd3 Kb7 25. Qa6+ Ka8 26. Bg2 Bd6 27. a4 Re7
28. a5 Nc7 29. Qd3 Nbd5 30. Ng3 Bxg3 31. fxg3 Nb5 32. Kb2 Nbc7 33. Qc4 Rb8 34.
Bf4 Rbe8 35. a6 Rc8 36. Bd2 Qd6 37. Ra1 e5 38. Rh4 f5 39. Bh3 Rf8 40. Rf1 e4
41. Rxf5 Rxf5 42. Bxf5 e3 43. Be1 Nc3 44. Rh8+ Ne8 45. Bg4 Kb8 46. Bf3 Kc7 47.
Rf8 Nf6 48. Bxc6 Kb6 49. Rb8+ 1-0

[Event "Monarch Assurance Isle of Man 13th"]
[Site "Port Erin IOM"]
[Date "2004.09.26"]
[Round "2.13"]
[White "Smith, Andrew P"]
[Black "Moiseenko, Alexander"]
[Result "0-1"]
[WhiteElo "2205"]
[BlackElo "2640"]
[PlyCount "124"]
[EventDate "2004.09.25"]
[EventType "swiss"]
[EventRounds "9"]
[EventCountry "IOM"]
[SourceTitle "BritBase"]
[SourceDate "2008.07.14"]
[SourceVersion "1"]
[SourceVersionDate "2008.07.14"]
[SourceQuality "2"]

1. e4 c5 2. Nf3 Nc6 3. d4 cxd4 4. Nxd4 e5 5. Nb5 d6 6. c4 Be7 7. N1c3 a6 8. Na3
Be6 9. Nc2 Bg5 10. Be2 h6 11. O-O Nf6 12. Qd3 Bxc1 13. Raxc1 O-O 14. Rfd1 Qb6
15. b3 Rfd8 16. Rd2 Rac8 17. Rcd1 Qa5 18. Qe3 Ne8 19. h3 b5 20. Nd5 Bxd5 21.
Rxd5 Qxa2 22. Ra1 Qb2 23. Rdd1 Nf6 24. Rac1 Na5 25. Na1 bxc4 26. bxc4 Qb7 27.
Qa3 Qc7 28. c5 dxc5 29. Rxd8+ Qxd8 30. Rxc5 Rxc5 31. Qxc5 Nb7 32. Qxe5 a5 33.
Bc4 Qd1+ 34. Kh2 Qd6 35. Qxd6 Nxd6 36. Bd5 Ndxe4 37. Bc6 Nc5 38. Nc2 Nfd7 39.
Kg3 Ne5 40. Bd5 Kf8 41. Kf4 f6 42. Na3 Ke7 43. Nb5 Ned3+ 44. Ke3 Nb4 45. Bc4
Nc6 46. Bd5 Kd7 47. Kd2 Ne6 48. Be4 Ned4 49. Nc3 Kd6 50. Na4 Nb3+ 51. Kc3 Nc5
52. Bc2 Nxa4+ 53. Bxa4 Kc5 54. Kb3 Nb4 55. g4 Nd3 56. f3 g5 57. Kc3 Nf4 58. Bc2
Nxh3 59. Be4 Nf4 60. Bc2 Kd5 61. Kb3 Kd4 62. Ka4 Ke3 0-1

[Event "Monarch Assurance Isle of Man 13th"]
[Site "Port Erin IOM"]
[Date "2004.09.26"]
[Round "2.14"]
[White "Agrest, Evgenij"]
[Black "Grant, Alan"]
[Result "1-0"]
[WhiteElo "2602"]
[BlackElo "2193"]
[PlyCount "75"]
[EventDate "2004.09.25"]
[EventType "swiss"]
[EventRounds "9"]
[EventCountry "IOM"]
[SourceTitle "BritBase"]
[SourceDate "2008.07.14"]
[SourceVersion "1"]
[SourceVersionDate "2008.07.14"]
[SourceQuality "2"]

1. e4 e6 2. d4 d5 3. e5 c5 4. c3 Nc6 5. Nf3 Bd7 6. Be2 Nge7 7. Na3 cxd4 8. cxd4
Nf5 9. Nc2 Qb6 10. O-O Rc8 11. Kh1 Na5 12. g4 Ne7 13. Nfe1 h5 14. gxh5 Bb5 15.
Nd3 Nf5 16. Be3 Nc6 17. Rg1 a5 18. Rc1 Qd8 19. Bg4 Nh6 20. Bf3 b6 21. Nf4 Ne7
22. Na3 Rxc1 23. Qxc1 Bd7 24. Be2 Nhf5 25. Nb5 Nc6 26. a3 Qb8 27. Bd3 Nh6 28.
f3 Na7 29. Nxa7 Qxa7 30. Qc2 Kd8 31. Bf2 Ng8 32. Bh4+ Ne7 33. Rc1 Qb7 34. Bg5
Qb8 35. h6 g6 36. Bxg6 Bxh6 37. Bxh6 Rxh6 38. Bxf7 1-0

[Event "Monarch Assurance Isle of Man 13th"]
[Site "Port Erin IOM"]
[Date "2004.09.26"]
[Round "2.16"]
[White "Lutton, J.Ezra"]
[Black "Conquest, Stuart"]
[Result "0-1"]
[WhiteElo "2134"]
[BlackElo "2488"]
[PlyCount "52"]
[EventDate "2004.09.25"]
[EventType "swiss"]
[EventRounds "9"]
[EventCountry "IOM"]
[SourceTitle "BritBase"]
[SourceDate "2008.07.14"]
[SourceVersion "1"]
[SourceVersionDate "2008.07.14"]
[SourceQuality "2"]

1. Nc3 c5 2. e4 a6 3. f4 b5 4. Nf3 Bb7 5. d3 d6 6. Be2 g6 7. O-O Bg7 8. Qe1 Nc6
9. f5 Nf6 10. Bd1 b4 11. Ne2 Qd7 12. a3 gxf5 13. Ng3 fxe4 14. Nxe4 Nxe4 15.
dxe4 h6 16. Qg3 Rg8 17. Qf4 Bf6 18. axb4 Nxb4 19. c3 Nd3 20. Qxh6 Qg4 21. Qd2
Qxe4 22. Ba4+ Kd8 23. Bc2 c4 24. b3 Bxc3 25. Qxc3 Rxg2+ 26. Kh1 Rg1+ 0-1

[Event "Monarch Assurance Isle of Man 13th"]
[Site "Port Erin IOM"]
[Date "2004.09.26"]
[Round "2.17"]
[White "Rowson, Jonathan"]
[Black "Adams, Phil"]
[Result "1-0"]
[WhiteElo "2558"]
[BlackElo "2124"]
[PlyCount "65"]
[EventDate "2004.09.25"]
[EventType "swiss"]
[EventRounds "9"]
[EventCountry "IOM"]
[SourceTitle "BritBase"]
[SourceDate "2008.07.14"]
[SourceVersion "1"]
[SourceVersionDate "2008.07.14"]
[SourceQuality "2"]

1. d4 Nf6 2. c4 g6 3. Nc3 Bg7 4. e4 d6 5. f3 O-O 6. Be3 a6 7. Qd2 Nbd7 8. Nh3
c5 9. Nf2 cxd4 10. Bxd4 Nc5 11. e5 Nfd7 12. exd6 Bxd4 13. Qxd4 exd6 14. O-O-O
Ne5 15. Qxd6 Qg5+ 16. Qd2 Qh4 17. Qe3 Ne6 18. Qxe5 Qxf2 19. Nd5 Ng7 20. Rd2 Qh4
21. g3 Qh6 22. Nf6+ Kh8 23. h4 Bf5 24. g4 Rfe8 25. Nxe8 Rxe8 26. Qg3 Bc8 27.
Bd3 Qe3 28. Rhh2 Qc5 29. Rhe2 Rd8 30. Qe5 Qc6 31. Bc2 Bd7 32. Qd5 Qf6 33. Qg5
1-0

[Event "Monarch Assurance Isle of Man 13th"]
[Site "Port Erin IOM"]
[Date "2004.09.26"]
[Round "2.18"]
[White "Fox, Anthony"]
[Black "Skripchenko, Almira"]
[Result "0-1"]
[WhiteElo "2123"]
[BlackElo "2453"]
[PlyCount "114"]
[EventDate "2004.09.25"]
[EventType "swiss"]
[EventRounds "9"]
[EventCountry "IOM"]
[SourceTitle "BritBase"]
[SourceDate "2008.07.14"]
[SourceVersion "1"]
[SourceVersionDate "2008.07.14"]
[SourceQuality "2"]

1. e4 e6 2. d3 c5 3. g3 d5 4. Nd2 Nf6 5. Bg2 Nc6 6. Ngf3 g6 7. O-O Bg7 8. Re1
O-O 9. c3 e5 10. exd5 Nxd5 11. Nc4 Re8 12. a4 h6 13. Qb3 Nc7 14. Be3 Ne6 15.
Rad1 Qc7 16. h4 Bd7 17. Bc1 Rad8 18. Qc2 Bc8 19. Nh2 Nf8 20. Be3 Ne7 21. Qe2
Nd5 22. Bc1 f5 23. Qc2 Be6 24. Nf3 Bf7 25. Kh2 Nd7 26. Nfd2 N7f6 27. Nf1 b6 28.
Kg1 a6 29. Nce3 Ne7 30. Nc4 Nd7 31. Nce3 b5 32. axb5 axb5 33. Nd2 Nb8 34. Nb1
Nbc6 35. Na3 Qb8 36. Re2 Rd7 37. Ree1 Red8 38. Bf1 f4 39. gxf4 exf4 40. Ng2 g5
41. hxg5 hxg5 42. d4 c4 43. Qe4 Bd5 44. Qc2 Rf8 45. Nb1 Nf5 46. Nd2 Bh6 47. Ne4
Rg7 48. Nc5 Qd6 49. Ne6 Bxe6 50. Rxe6 Qxe6 51. d5 Ncd4 52. cxd4 Qxd5 53. Qc3 f3
54. Ne3 Nxe3 55. Bxe3 Qf5 56. b3 Qg4+ 57. Kh2 Rh7 0-1

[Event "Monarch Assurance Isle of Man 13th"]
[Site "Port Erin IOM"]
[Date "2004.09.26"]
[Round "2.19"]
[White "Ramesh, R.B."]
[Black "Pimmingstorfer, Christian"]
[Result "1-0"]
[WhiteElo "2484"]
[BlackElo "2116"]
[PlyCount "51"]
[EventDate "2004.09.25"]
[EventType "swiss"]
[EventRounds "9"]
[EventCountry "IOM"]
[SourceTitle "BritBase"]
[SourceDate "2008.07.14"]
[SourceVersion "1"]
[SourceVersionDate "2008.07.14"]
[SourceQuality "2"]

1. e4 e5 2. Nf3 Nf6 3. Nxe5 d6 4. Nf3 Nxe4 5. Nc3 Nxc3 6. dxc3 Be7 7. Bf4 Nc6
8. Qd2 Bg4 9. Be2 Qd7 10. O-O-O O-O-O 11. h3 Bh5 12. Rhe1 Rhe8 13. g4 Bg6 14.
Bb5 a6 15. Ba4 b5 16. Bb3 Na5 17. Be3 Nxb3+ 18. axb3 Be4 19. Nd4 Bf6 20. Bg5 c5
21. Bxf6 gxf6 22. Qf4 d5 23. Ne2 Qd6 24. Qxd6 Rxd6 25. b4 Bf3 26. Ng1 1-0